000 00573nam a2200217Ia 4500
003 OSt
005 20220928144650.0
006 a|||||r|||| 00| 0
007 ta
008 220927b |||||||| |||| 00| 0 eng d
024 _a72812
037 _cTextual
040 _aSDCL
_cSDCL
_beng
041 _2eng
_aeng
082 _aV271'D9<-D7, L8
100 _aDas Biswarup
_9508968
245 0 _aBhauma-karas
_bBuddhist kings of Orissa and their times. .
260 _c1978
942 _hV271'D9<-D7, L8
_cTEXL
_2CC
999 _c828790
_d828790